नरवानर (Record no. 1013231)

MARC details
000 -LEADER
fixed length control field 01017nam a2200277Ia 4500
003 - CONTROL NUMBER IDENTIFIER
control field OSt
005 - DATE AND TIME OF LATEST TRANSACTION
control field 20221005104615.0
008 - FIXED-LENGTH DATA ELEMENTS--GENERAL INFORMATION
fixed length control field 221004b |||||||| |||| 00| 0 mar d
020 ## - INTERNATIONAL STANDARD BOOK NUMBER
International Standard Book Number 8171198279
037 ## - SOURCE OF ACQUISITION
Terms of availability Textual
040 ## - CATALOGING SOURCE
Original cataloging agency CRL
Transcribing agency CRL
Language of cataloging mar
041 ## - LANGUAGE CODE
Source of code mar
Language code of text/sound track or separate title mar
100 ## - MAIN ENTRY--PERSONAL NAME
Personal name लिंबाले, शरणकुमार
245 #0 - TITLE STATEMENT
Title नरवानर
246 ## - VARYING FORM OF TITLE
Title proper/short title Naravānara
260 ## - PUBLICATION, DISTRIBUTION, ETC.
Place of publication, distribution, etc. दिल्ली
Name of publisher, distributor, etc. राधाकृष्ण भारत
Date of publication, distribution, etc. 2003
300 ## - PHYSICAL DESCRIPTION
Extent 172पृ0
Dimensions cm.
650 ## - SUBJECT ADDED ENTRY--TOPICAL TERM
Topical term or geographic name entry element मराठी साहित्य
700 ## - ADDED ENTRY--PERSONAL NAME
Personal name ठकार, निशिकांत, अनु.
942 ## - ADDED ENTRY ELEMENTS (KOHA)
Classification part O155,3N56,NA, 152P3
Koha item type Textual
Source of classification or shelving scheme
Holdings
Withdrawn status Lost status Damaged status Not for loan Home library Current library Date acquired Source of acquisition Cost, normal purchase price Total Checkouts Full call number Barcode Date last seen Cost, replacement price Price effective from Koha item type
        Central Library Central Library 2022-10-05 8030, 30/03/2005, Hindi Book Centre 150.00   O155,3N56,NA 152P3 CL1212842 2022-10-05 150.00 2022-10-05 Textual
Copyright @ Delhi University Library System